Conclusions & recommendations. (Record no. 76175)

MARC details
000 -LEADER
fixed length control field 00864cam a22002771 4500
001 - CONTROL NUMBER
control field sa 67006809
003 - CONTROL NUMBER IDENTIFIER
control field DLC
005 - DATE AND TIME OF LATEST TRANSACTION
control field 20260227112410.0
008 - FIXED-LENGTH DATA ELEMENTS--GENERAL INFORMATION
fixed length control field 731207s1966 xx 100 0 eng
010 ## - LIBRARY OF CONGRESS CONTROL NUMBER
LC control number sa 67006809
035 ## - SYSTEM CONTROL NUMBER
System control number (OCoLC)756399
040 ## - CATALOGING SOURCE
Original cataloging agency DLC
Transcribing agency NIC
Modifying agency DLC
042 ## - AUTHENTICATION CODE
Authentication code premarc
050 00 - LIBRARY OF CONGRESS CALL NUMBER
Classification number HF3788.N6
Item number S4 1966c
082 ## - DEWEY DECIMAL CLASSIFICATION NUMBER
Classification number 382/.0918/12054
111 2# - MAIN ENTRY--MEETING NAME
Meeting name or jurisdiction name as entry element Seminar on Trading with Americans
Date of meeting or treaty signing (1966 :
Location of meeting Delhi)
245 10 - TITLE STATEMENT
Title Conclusions & recommendations.
260 ## - PUBLICATION, DISTRIBUTION, ETC.
Place of publication, distribution, etc. New Delhi,
Date of publication, distribution, etc. 1966.
300 ## - PHYSICAL DESCRIPTION
Extent 1 v. (various pagings)
Dimensions 27cm.
500 ## - GENERAL NOTE
General note Organized by the Indian Institute of Foreign Trade.
651 #0 - SUBJECT ADDED ENTRY--GEOGRAPHIC NAME
Geographic name India
General subdivision Commerce
Geographic subdivision North America.
651 #0 - SUBJECT ADDED ENTRY--GEOGRAPHIC NAME
Geographic name North America
General subdivision Commerce
Geographic subdivision India.
651 #0 - SUBJECT ADDED ENTRY--GEOGRAPHIC NAME
Geographic name India
General subdivision Commerce
Geographic subdivision Latin America.
651 #0 - SUBJECT ADDED ENTRY--GEOGRAPHIC NAME
Geographic name Latin America
General subdivision Commerce
Geographic subdivision India.
710 2# - ADDED ENTRY--CORPORATE NAME
Corporate name or jurisdiction name as entry element Indian Institute of Foreign Trade.

No items available.

Powered by Koha